MARC детайли
| 000 -Лидер |
| Контролно поле с фиксирана дължина |
02252nam a2200397 c 4500 |
| 003 - Код на организацията, давaща контролен номер |
| Контролно поле |
BLK |
| 005 - Дата и час на последна редакция |
| Контролно поле |
20221130132428.0 |
| 008 - Елементи от данни с фиксирана дължина |
| fixed length control field |
180408b bul|||||r ||||||| ||bul|| |
| 010 ## - Наследен системен номер |
| LC control number |
KNG00097558000 |
| 020 ## - Международен стандартен номер на книга ISBN |
| Международен стандартен номер на книга ISBN |
978-954-9400-42-7 |
| 040 ## - Източник на каталожния запис |
| Идентификатор на билиотеката - собственик на записа |
BLK |
| 041 ## - Код за език |
| Код за езика на текст/звукозапис или на отделно заглавие |
Български |
| Код за езика КДБФ |
Български |
| 080 ## - УДК |
| Текстов определител УДК |
Социална медицина. Обществен произход на заболяванията. - На лица изпълняващи някакви задължения или дейности, заболявания сред отделни социални класи или във връзка със семейни условия (многодетни |
| УДК код - определител по УДК |
616-058 |
| УДК определител |
(035) |
| УДК - код + определител |
616-058(035) |
| 080 ## - УДК |
| Текстов определител УДК |
Професионални болести. Общи въпроси |
| УДК код - определител по УДК |
613.62 |
| УДК определител |
(035) |
| УДК - код + определител |
613.62(035) |
| 139 ## - Редно поле |
| Редна дума |
Лабораторна диагностика на професионалните болести |
| 245 10 - Сведения за заглавието |
| Заглавие |
Лабораторна диагностика на професионалните болести |
| Редно поле (дума) |
Ив. Бенчев и др. ; под ред. на Д. Чаръкчиев |
| 257 ## - Страна на издаване |
| Страна на създаване/издаване |
България |
| 260 ## - Област на издателските данни |
| Име на издателя, разпространителя и проч. |
Медицина и физкултура |
| Година на издаване |
1979 |
| 9 (RLIN) |
209542 |
| Място на издаване, разпространение и проч. |
София |
| Издателство - префикс ISBN |
978-954-420- |
| 300 ## - Физическа характеристика |
| Страници |
271 с. |
| Илюстрации и др. |
с ил. |
| Размери/Мащаб |
22 см |
| 380 ## - Жанр |
| Жанр |
Медицина |
| 500 ## - Общи забележки |
| Забележка |
Други авт. : Н. Бонев, Г. Кр. Георгиев, М. Димитрова, Г. Иванов, Е. Иванов, Хр. Иванова, Н. Измирова, Ат. Кехайов, Е. Коен, Св. Кръстева, Ст. Кюркчиев, С. Павлова, Б. Петрунов, М. Спасовски, Р. Стефанова-Трендафилова, Ст. Струмелиев, Й. Хаджиева, Хр. Хаджиолов, Хр. Цолов, Д. Чаръкчиев, П. Чуролинов, отбелязани на с. 5<br/><br/> |
| 504 ## - Забележка за наличие на библиография и др |
| Забележка за наличие на библиография и под. |
Библиогр. след разделите ; Рез. на рус., англ. ез |
| 650 #4 - Допълнително описание по предмет – тема |
| Основно описание – тема или топоним |
Професионални болести |
| 9 (RLIN) |
271600 |
| 653 ## - Ключова дума – ненормативна |
| Ключова дума |
професионални заболявания |
| 653 ## - Ключова дума – ненормативна |
| Ключова дума |
наръчници |
| 700 ## - Други автори (авторска отговорност) |
| Лично име |
Чаръкчиев, Добрин Димитров |
| Автороска отговорност (Описва отношението между автора и произведението) |
под ред. на |
| 9 (RLIN) |
316791 |
| 852 ## - Местоположение |
| Форматна сигнатура |
Цб 100112 |
| 856 4# - Електронен адрес и достъп |
| Електронен формат |
pdf - файл |
| Инструкция (цена за достъп) |
0.00 |
| Права за достъп |
disable |
| 856 4# - Електронен адрес и достъп |
| Електронен формат |
pdf - файл |
| Инструкция (цена за достъп) |
0.00 |
| Права за достъп |
disable |
| 999 ## - СИСТЕМНИ КОНТРОЛНИ НОМЕРА |
| Koha biblionumber |
482813 |
| Koha biblioitemnumber |
482813 |
| 942 ## - АРТИКУЛИ |
| Вид на библиотечния материал |
Книги |
| Скрит в OPAC |
Не |
| Периодичен библиозапис |
Да |
| 944 ## - СЪЗДАВАНЕ И РЕДАКЦИЯ на ЗАПИСА |
| Създаване/Редакция |
Създаване |
| Дата на регистрацията/редакция |
2022-11-30 |
| Служител, извършил регистрацията/редакцията |
вт |